Faculty of Law Library — Cairo University

Official Online Catalog

The death penalty : (Record no. 52200)

MARC details
000 -LEADER
fixed length control field 01193cac a2200361 i 4500
003 - CONTROL NUMBER IDENTIFIER
control field EG-GICUC
005 - DATE AND TIME OF LATEST TRANSACTION
control field 20260121101533.0
008 - FIXED-LENGTH DATA ELEMENTS--GENERAL INFORMATION
fixed length control field 960312s1996 enk frb 001 0 eng d
020 ## - INTERNATIONAL STANDARD BOOK NUMBER
International Standard Book Number 0198262825
020 ## - INTERNATIONAL STANDARD BOOK NUMBER
International Standard Book Number 0198262817
020 ## - INTERNATIONAL STANDARD BOOK NUMBER
International Standard Book Number 9780198262824
020 ## - INTERNATIONAL STANDARD BOOK NUMBER
International Standard Book Number 9780198262817
035 ## - SYSTEM CONTROL NUMBER
System control number 689596
040 ## - CATALOGING SOURCE
Original cataloging agency DLC
Transcribing agency DLC
Modifying agency DLC
Description conventions rda
050 00 - LIBRARY OF CONGRESS CALL NUMBER
Classification number HV8694
Item number .H657 1996
082 00 - DEWEY DECIMAL CLASSIFICATION NUMBER
Classification number 343.16321
Edition number 21
092 04 - LOCALLY ASSIGNED DEWEY CALL NUMBER (OCLC)
Edition number 21
099 ## - LOCAL FREE-TEXT CALL NUMBER (OCLC)
Classification number Law 10 1996
100 1# - MAIN ENTRY--PERSONAL NAME
Personal name Hood, Roger G.
245 14 - TITLE STATEMENT
Title The death penalty :
Remainder of title a world-wide perspective /
Statement of responsibility, etc. by Roger Hood.
250 ## - EDITION STATEMENT
Edition statement 2nd revised and up-dated edition.
264 ## - PRODUCTION, PUBLICATION, DISTRIBUTION, MANUFACTURE, AND COPYRIGHT NOTICE
Place of production, publication, distribution, manufacture Oxford, U.K. :
Name of producer, publisher, distributor, manufacturer Clarendon Press ;
Place of production, publication, distribution, manufacture New York :
Name of producer, publisher, distributor, manufacturer Oxford University Press,
Date of production, publication, distribution, manufacture, or copyright notice 1996.
300 ## - PHYSICAL DESCRIPTION
Extent xiii, 307 page ;
Dimensions 23 cm.
336 ## - CONTENT TYPE
Content type term text
Content type code txt
Source rdacontent
337 ## - MEDIA TYPE
Media type term unmediated
Media type code n
Source rdamedia
338 ## - CARRIER TYPE
Carrier type term volume
Carrier type code nc
Source rdacarrier
504 ## - BIBLIOGRAPHY, ETC. NOTE
Bibliography, etc. note Includes bibliographical references (p. [252]-289) and index.
650 #0 - SUBJECT ADDED ENTRY--TOPICAL TERM
Topical term or geographic name entry element Capital punishment.
856 42 - ELECTRONIC LOCATION AND ACCESS
Uniform Resource Identifier <a href="https://fll.law.cu.edu.eg/fulltext/bks/ENGB10-00080.pdf">https://fll.law.cu.edu.eg/fulltext/bks/ENGB10-00080.pdf</a>
856 42 - ELECTRONIC LOCATION AND ACCESS
Materials specified Publisher description
Uniform Resource Identifier <a href="http://www.loc.gov/catdir/enhancements/fy0636/96013848-d.html">http://www.loc.gov/catdir/enhancements/fy0636/96013848-d.html</a>
905 ## - Cataloger and Reviser Names
Cataloger Name: Hend El khosy
942 ## - ADDED ENTRY ELEMENTS (KOHA)
Source of classification or shelving scheme Dewey Decimal Classification
Koha item type Books
Edition 21
Suppress in OPAC No
Holdings
Withdrawn status Lost status Source of classification or shelving scheme Damaged status Not for loan Collection Home library Current library Date acquired Total checkouts Full call number Barcode Date last seen Copy number Price effective from Koha item type Public note
    Dewey Decimal Classification     القانون الجنائي جــــامعة القــاهرة مكتبة كلية الحقوق - فـرع الشيخ زايد 23.12.2025   Law2 10 343.16321 HO . D 2 ed rev. - 1996 1000080 C1 ENGB10-00080 23.12.2025 1 23.12.2025 Books 1535

© All rights reserved — Faculty of Law, Cairo University